000 02925cam a2200481 a 4500
001 ocm35029491
003 TZ-ArACH
005 2013050801121.0
008 960620s1997 caua b 001 0 eng
010 _a 96009668
015 _aB9842232
020 _a0872863239 (
020 _a9780872863231
035 _a(OCoLC)35029491
_z(OCoLC)60213032
040 _aDLC
_beng
_cTZ-ArACH
_dNLGGC
_dYDXCP
_dBTCTA
_dBAKER
_dOTP
_dUKV3G
_dZWZ
_dP4I
_dGEBAY
_dOCLCQ
_dDEBBG
_dBDX
_dOCLCO
041 _aEng
043 _an------
049 _aTZAA
050 0 4 _aPN2287
_b.D32
082 0 0 _a970.004/97
_220
100 1 _aChurchill, Ward.
_99488
245 1 2 _aLittle matter of genocide : holocaust and denial in the Americas, 1492 to the present
_bholocaust and denial in the Americas, 1492 to the present /
_cby Ward Churchill.
260 _aSan Francisco :
_bCity Lights Books,
_c1997.
300 _axix, 531 p. :
_bill. ;
_c22 cm.
504 _aIncludes bibliographical references (p. 445-506) and index.
505 0 _aIntroduction : encountering the American holocaust : the politics of affirmation and denial -- Assaults on truth and memory : holocaust denial in context -- Lie for lie : linkages between holocaust deniers and proponents of the "uniqueness of the Jewish experience in World War II" -- Deconstructing the Columbus myth : was the "great discoverer" Italian or Spanish, Nazi or Jew? -- Genocide in the Americas : landmarks from North and South America, 1492-1992 -- "Nits make lice" : the extermination of North American Indians, 1607-1996 -- Cold War impacts on Native North America : the political economy of radioactive colonization -- The United States and the Genocide Convention : the saga of an outlaw state, 1948-1988 -- Defining the unthinkable : towards a viable understanding of genocide.
650 0 _aIndians, Treatment of
_zNorth America
_xHistory.
_99489
650 0 _aIndians of North America
_xGovernment relations.
_99490
650 0 _aGenocide
_zNorth America
_xHistory.
_99491
650 7 _aIndiens
_zAmérique du Nord
_xRelations avec l'État.
_2ram
_99492
650 7 _aGénocide
_zAmérique du Nord
_xHistoire.
_2ram
_99493
650 0 4 _aGénocide - Amérique du Nord - Histoire.
_99494
650 0 4 _aIndiens - Amérique du Nord - Relations avec l'État.
_99495
651 0 _aUnited States
_xRace relations.
_99496
651 0 _aNorth America
_xPolitics and government.
_99497
651 7 _aÉtats-Unis
_xRelations interethniques.
_2ram
_99498
651 7 _aUSA
_99499
651 4 _aÉtats-Unis - Relations interethniques.
_99500
655 4 _aCollection of essays.
_99501
856 _uhttp://bvbr.bib-bvb.de:8991/F?func=service&doc_library=BVB01&doc_number=008084599&line_number=0001&func_code=DB_RECORDS&service_type=MEDIA
_zInhaltsverzeichnis
942 _2lcc
_cBOOK
999 _c2306
_d2306